Рабочая программа, методические указания, контрольные задания и вопросы самопроверки по курсу «Методика поисков и разведки месторождений полезных ископаемых» для студентов специ­альности 0105 «Геофизические методы поисков и разведки ме­сторождений полезных ископаемых»

Podrobná bibliografie
Hlavní autor: Коробейников А. Ф. Александр Феопенович
Další autoři: Попов Ю. Н., Бернатонис В. К.
Shrnutí:Рассмотрены классификации месторождений полезных ископаемых, закономерности их формирования и размещения в структурах земной коры, обсуждаются вопросы их поисков и разведки в природных услови­ях разных регионов и методика проведения поисковых, поисково-оце­ночных и разведочных работ.
В фонде НТБ ТПУ отсутствует
Jazyk:ruština
Vydáno: Томск, Изд-во ТПУ, 1986
Témata:
Médium: MixedMaterials Kniha
KOHA link:https://koha.lib.tpu.ru/cgi-bin/koha/opac-detail.pl?biblionumber=595324

MARC

LEADER 00000nam0a2200000 4500
001 595324
005 20231101131842.0
035 |a (RuTPU)RU\TPU\tpu\16227 
090 |a 595324 
100 |a 20090602d1986 m y0rusy50 ca 
101 0 |a rus 
102 |a RU 
105 |a a z 001zy 
200 1 |a Рабочая программа, методические указания, контрольные задания и вопросы самопроверки по курсу «Методика поисков и разведки месторождений полезных ископаемых» для студентов специ­альности 0105 «Геофизические методы поисков и разведки ме­сторождений полезных ископаемых»  |f А. Ф. Коробейников, Ю. Н. Попов , В. К. Бернатонис 
210 |a Томск  |c Изд-во ТПУ  |d 1986 
215 |a 21 с. 
320 |a Библиогр.: с. 
330 |a Рассмотрены классификации месторождений полезных ископаемых, закономерности их формирования и размещения в структурах земной коры, обсуждаются вопросы их поисков и разведки в природных услови­ях разных регионов и методика проведения поисковых, поисково-оце­ночных и разведочных работ. 
333 |a В фонде НТБ ТПУ отсутствует 
610 1 |a труды учёных ТПУ 
700 1 |a Коробейников  |b А. Ф.  |c российский геолог, доктор геолого-минералогических наук  |c профессор Томского политехнического университета  |f 1934-  |g Александр Феопенович  |2 stltpush  |3 (RuTPU)RU\TPU\pers\12688  |4 070 
701 1 |a Попов  |b Ю. Н. 
701 1 |a Бернатонис  |b В. К. 
702 1 |a Коробейников  |b А. Ф.  |c российский геолог, доктор геолого-минералогических наук  |c профессор Томского политехнического университета  |f 1934-  |g Александр Феопенович  |2 stltpush  |3 (RuTPU)RU\TPU\pers\12688 
801 1 |a RU  |b 63413507  |c 20090602  |g PSBO 
801 2 |a RU  |b 63413507  |c 20101025  |g RCR 
942 |c BK